00478nam a22001457a 450000500170000001000130001702000260003003700200005624500910007626000370016727000580020430000270026270000210028970000220031020211007143353.0 aEN230921 a9788195021741c190.00 bSahitya Akademi aProse writings from north east India /cedited by Malsawmi Jacob [and] Jaydeep Sarangi aNew DelhibSahitya Akademic2021 aRabindra Bhavan, 35 Ferozshah RoadbNew Delhie110001 axiii, 154p.c22cm(pbk) aJacob, Malsawmi  aSarangi, Jaydeep